| 000 | 00000nam##2200000za#4500 |
| 001 | 9.643744 |
| 003 | CaOODSP |
| 005 | 20210624224320 |
| 007 | cr ||||||||||| |
| 008 | 150407|1986||||xxc|||||o f|0| 0 fre|d |
| 040 | |aCaOODSP|bfre |
| 043 | |an-cn--- |
| 086 | 1 |aMP15-15/1986F-PDF |
| 110 | 1 |aCanada. |bRessources humaines et développement des compétences Canada. |
| 245 | 10|aRapport de la Commission d'enquête sur l'assurance-chômage / |h[ressource électronique]|cCharles E. Forget, président, |
| 260 | |aOttawa - Ontario : |bRessources humaines et Développement des compétences Canada |cNovembre 1986. |
| 300 | |a154, 129, 165, 129p.|bfigures en couleur, graphiques, cartes (certaines en couleur), tableaux, photographies |
| 500 | |aPublication historique numérisée en 2008 par le Bureau du Conseil privé du Canada. |
| 590 | |a15-04-Supp|b2015-03-19 |
| 691 | 07|aAssurance-emploi|2gcpds |
| 691 | 07|aCommission d'enquête|2gcpds |
| 775 | 08|tCommission of Inquiry on Unemployment Insurance - report / |w(CaOODSP)9.699767 |
| 856 | 40|ahttp://publications.gc.ca|qPDF|s9.84 Mo|uhttps://publications.gc.ca/collections/collection_2014/rhdcc-hrsdc/MP15-15-1986-3-fra.pdf |
| 856 | 40|ahttp://publications.gc.ca|qPDF|s11.62 Mo|uhttps://publications.gc.ca/collections/collection_2014/rhdcc-hrsdc/MP15-15-1986-1-fra.pdf |
| 856 | 40|ahttp://publications.gc.ca|qPDF|s12.60 Mo|uhttps://publications.gc.ca/collections/collection_2014/rhdcc-hrsdc/MP15-15-1986-2-fra.pdf |
| 856 | 40|ahttp://publications.gc.ca|qPDF|s8.33 Mo|uhttps://publications.gc.ca/collections/collection_2014/rhdcc-hrsdc/MP15-15-1986-4-fra.pdf |